Top 10 meistgegooglte Filme 2024 - Statistiken

Allgemein
  • Dieses Quiz wurde 28 mal gespielt
  • Das Durchschnittsergebnis liegt bei 2 aus 10
Antwortstatistiken
Position Film % Korrekt
4 Oppenheimer
75%
2 Alles steht Kopf 2
33%
5 Deadpool
33%
3 Dune 2
29%
1 Saltburn
13%
7 Chantal im Märchenland
8%
9 Damsel
8%
6 Terrifier
4%
8 Beetlejuice
0%
10 It ends with us
0%
Keine übereinstimmenden Quizze gefunden
Verteilung der Resultate
Anzahl Personen mit jedem Resultat
Perzentil nach korrekt beantworteten Fragen
Ihre Resultats-Entwicklung
Sie haben dieses Quiz noch nicht gespielt